|
|
|
|
| LEADER |
01286nam a2200349 a 4500 |
| 001 |
000273831 |
| 003 |
CZ BrMZK |
| 005 |
20210524180307.0 |
| 007 |
ta |
| 008 |
010907s1997 xr g f cze d |
| 015 |
|
|
|a cnb000290232
|
| 020 |
|
|
|a 80-85190-62-1
|
| 035 |
|
|
|a (OCoLC)39105195
|
| 040 |
|
|
|a BOA001
|b cze
|
| 072 |
|
7 |
|a 821.162.3-3
|x Česká próza
|2 Konspekt
|9 25
|
| 080 |
|
|
|a 821.162.3-31
|2 MRF
|
| 080 |
|
|
|a (0:82-31)
|2 MRF
|
| 100 |
1 |
|
|a Součková, Milada,
|d 1899-1983
|7 jz8001161
|4 aut
|
| 245 |
1 |
0 |
|a Odkaz ;
|b Zakladatelé /
|c Milada Součková ; [edičně připravili K. Suda a R. Štencl]
|
| 250 |
|
|
|a Vyd. 2. v nakl. Prostor 1.
|
| 260 |
|
|
|a Praha :
|b Prostor,
|c 1997
|
| 300 |
|
|
|a 432 s. ;
|c 21 cm
|
| 490 |
1 |
|
|a Dílo Milady Součkové ;
|v sv. 4
|
| 655 |
|
7 |
|a české romány
|7 fd133974
|2 czenas
|
| 700 |
1 |
|
|a Štencl, Richard
|7 mzk2013741759
|4 edt
|
| 700 |
1 |
|
|a Suda, Kristián,
|d 1946-
|7 jk01121654
|4 edt
|
| 740 |
0 |
2 |
|a Zakladatelé
|
| 800 |
1 |
|
|a Součková, Milada,
|d 1899-1983.
|t Dílo
|0 s
|
| 856 |
4 |
1 |
|u http://www.digitalniknihovna.cz/mzk/uuid/uuid:a18ef5f0-080f-11e4-83c7-005056827e51
|y Digitalizovaný dokument
|x NDK
|
| 910 |
|
|
|a BOA001
|b 2-1041.172
|
| 990 |
|
|
|a BK
|
| 996 |
6 |
|
|b 2610064487
|c 2-1041.172
|l MZK
|r Sklad / do 1 hodiny
|n 17
|p p.v.
|w 000273831
|u 000010
|a 1
|e BOA001
|j MZK50
|s P
|